000
00445nam a2200181Ia 4500
008
100917s9999 xx 000 0 und d
082
_b
14439
100
_a
आपटे ना. ह.
245
_a
कपट जाल
260
_b
---
_c
1913
300
_a
164
365
_b
0.5
520
_a
कादंबरी
630
_a
कपट जाल
650
_a
कादंबरी
730
_a
कपट जाल
942
_c
BOOK
999
_c
619833
_d
619830